000 00860nam a22002417a 4500
999 _c3176
_d3176
003 AR-CdUCM
008 190306b ||||| |||| 00| 0 spa d
020 _a978-612-46548-5-5
040 _aMUNICIPALIDAD PROVINCIAL DEL CUSCO
_cBIBLIOTECA MUNICIPAL DEL CUSCO
082 _a869.56 /
_bB73
100 _aBonet Rodríguez, Hugo
_94683
245 _aJosé Gabriel Túpaq Amaru en el pulso del tiempo /
260 _aCusco :
_bMinisterio de Cultura, Dirección Regional de Cultura Cusco,
_c2013.
300 _a376 páginas ;
_bilustraciones,
_c21 cm.
650 _aNovela Peruana
_910636
650 _aNovelas Históricas Peruanas.
_910683
650 _aTupac Amaru
_9623
650 _a1740-1781
_910684
700 _aFlores Ochoa, Jorge A. (Presentador)
_910685
700 _aGuevara Ugarte, Guido (Presentador)
_910686
942 _2ddc
_cLIBROS
945 _araen